[Event "POLFINALY MISTRZOSTW POLSKI JUNIOROW 2021 C-17"]
[Site "Jatrzebia Gora"]
[Date "1899-12-30"]
[Round "8.6"]
[White "Strepikowski, Pawel"]
[Black "Kossowski, Pawel"]
[Result "1-0"]
[WhiteTitle "I"]
[BlackTitle "I"]
[WhiteElo "1841"]
[BlackElo "1761"]

1. e4 e5 2. Nf3 Nc6 3. Bb5 a6 4. Ba4 Nf6 5. O-O Be7 6. Re1 b5 7. Bb3 d6 8. c3 O-O
9. d3 Na5 10. Bc2 c5 11. Nbd2 Re8 12. Nf1 h6 13. Ng3 Bf8 14. h3 Nc6 15. d4 cxd4
16. cxd4 Qc7 17. Bb1 Bd7 18. b3 g6 19. Bb2 Bg7 20. Qd2 Rac8 21. Bd3 Qb6 22. dxe5
Nxe5 23. Nxe5 dxe5 24. a4 b4 25. a5 Qd6 26. Qe2 Rc6 27. Red1 Qc7 28. Bxa6 Ra8
29. Bc4 Rxa5 30. Rxa5 Qxa5 31. Bb5 Rc7 32. Bxe5 Rb7 33. Bxf6 Bxb5 34. Qb2 Bxf6
35. Qxf6 Rd7 36. Rxd7 Bxd7 37. Ne2 Be6 38. Nd4 Qa1+ 39. Kh2 Kh7 40. Qd8 Qb2 41.
Nxe6 Qe5+ 42. g3 Qxe6 43. Qd5 Qf6 44. Kg2 Kg7 45. e5 Qf5 46. Qd4 Qe6 47. Qxb4
Qxe5 48. Qb6 Qe4+ 49. Kh2 h5 50. h4 Qd5 51. b4 g5 52. Qc5 Qf3 53. Qxg5+ Kf8 54.
Qc5+ Kg7 55. b5 f5 56. b6 Kf6 57. Qd4+ Ke6 58. Qe3+ 1-0

[Event "POLFINALY MISTRZOSTW POLSKI JUNIOROW 2021 C-17"]
[Site "Jatrzebia Gora"]
[Date "1899-12-30"]
[Round "8.7"]
[White "Jozefik, Aleksander"]
[Black "Kalkowski, Igor"]
[Result "1/2-1/2"]
[WhiteTitle "I"]
[BlackTitle "I+"]
[WhiteElo "1601"]
[BlackElo "1839"]

1. e4 e5 2. Nf3 Nc6 3. Bb5 a6 4. Bxc6 dxc6 5. O-O Qf6 6. d4 exd4 7. Qxd4 Qxd4 8.
Nxd4 Bd7 9. Be3 O-O-O 10. Nd2 Re8 11. Rfd1 Ne7 12. f3 b6 13. a4 c5 14. N4b3 a5
15. Nc4 Ng6 16. Bf2 h5 17. Nbd2 Nf4 18. Ne3 h4 19. Ndc4 h3 20. g3 Ne2+ 21. Kf1
Nd4 22. Nd5 Nxf3 23. Ndxb6+ cxb6 24. Nxb6+ Kc7 25. Nxd7 Nxh2+ 26. Kg1 Nf3+ 27.
Kh1 Rxe4 28. Nxf8 Rxf8 29. Bxc5 Re2 30. Bg1 h2 31. Bc5 Rfe8 32. Rf1 Ng5 33. Ra3
Rxc2 34. Rc3 Rxc3 35. bxc3 Re2 36. Bd4 f6 37. Rf2 Rxf2 38. Bxf2 Nf3 39. Be3 Kc6
40. Kg2 g5 41. Kh1 Ne5 42. Bd4 Kd5 43. Bb6 Kc4 44. Bxa5 Nc6 1/2-1/2

[Event "POLFINALY MISTRZOSTW POLSKI JUNIOROW 2021 C-17"]
[Site "Jatrzebia Gora"]
[Date "1899-12-30"]
[Round "8.8"]
[White "Kitewski, Bartosz"]
[Black "Skrzypczynski, Kacper"]
[Result "1-0"]
[WhiteTitle "I+"]
[BlackTitle "I"]
[WhiteElo "1946"]
[BlackElo "1762"]

1. d4 Nf6 2. c4 g6 3. Nc3 Bg7 4. e4 d6 5. Be2 O-O 6. g4 e5 7. d5 c6 8. h4 cxd5
9. cxd5 Na6 10. g5 Ne8 11. h5 Bd7 12. Be3 gxh5 13. Bxa6 bxa6 14. Qxh5 h6 15. gxh6
Bf6 16. Nf3 Kh7 17. O-O-O Rc8 18. Rdg1 Rxc3+ 19. bxc3 Qa5 20. Ng5+ Bxg5 21. Qxg5
Qxc3+ 22. Kd1 Qd3+ 23. Ke1 Qb1+ 24. Ke2 Qc2+ 25. Kf3 1-0

[Event "POLFINALY MISTRZOSTW POLSKI JUNIOROW 2021 C-17"]
[Site "Jatrzebia Gora"]
[Date "1899-12-30"]
[Round "8.9"]
[White "Bekier, Piotr"]
[Black "Bartlomowicz, Jakub"]
[Result "1/2-1/2"]
[WhiteTitle "II"]
[BlackTitle "I"]
[WhiteElo "1293"]
[BlackElo "1842"]

1. d4 d5 2. Nf3 Nf6 3. Bg5 Bf5 4. Bxf6 exf6 5. e3 c6 6. Nbd2 Nd7 7. Nh4 Be6 8.
Bd3 Bd6 9. O-O O-O 10. Nf5 Bxf5 11. Bxf5 Nb6 12. c3 g6 13. Bd3 f5 14. g3 Nd7 15.
c4 Nf6 16. cxd5 Nxd5 17. a3 Qd7 18. Rc1 Rfc8 19. Nb3 a5 20. Nc5 Bxc5 21. Rxc5
b6 22. Rc2 b5 23. Rc5 b4 24. Qc2 a4 25. Rc1 b3 26. Qc4 Nb6 27. Qc3 Nd5 28. Qc4
Nb6 29. Qc3 Nd5 30. Qc4 Nb6 31. Qc3 1/2-1/2

[Event "POLFINALY MISTRZOSTW POLSKI JUNIOROW 2021 C-17"]
[Site "Jatrzebia Gora"]
[Date "1899-12-30"]
[Round "8.10"]
[White "Lenart, Jakub"]
[Black "Krasniewski, Szymon"]
[Result "1-0"]
[WhiteTitle "I"]
[BlackTitle "I"]
[WhiteElo "1660"]
[BlackElo "1821"]

1. d4 Nf6 2. c4 g6 3. Nc3 Bg7 4. e4 d6 5. h3 O-O 6. Bg5 Nbd7 7. Bd3 e5 8. d5 a5
9. Qd2 Nc5 10. Bc2 Qe8 11. g4 Qd7 12. Nge2 b6 13. b3 Ba6 14. a4 Ne8 15. O-O-O
f6 16. Be3 Rf7 17. Rdf1 f5 18. gxf5 gxf5 19. f3 f4 20. Bf2 Kh8 21. Qe1 Qe7 22.
Rfg1 Bf6 23. Rg2 Rg7 24. Rhg1 Rxg2 25. Rxg2 Ng7 26. Qg1 Rg8 27. Kd1 Bc8 28. Nb5
Bxh3 29. Rh2 Bc8 30. Nxf4 exf4 31. e5 Nf5 32. Qh1 Bxe5 33. Qe1 Rg7 34. Na7 Bd7
35. Bxf5 Bxf5 36. Nc6 Qe8 37. Bd4 Nd3 38. Qe2 Nb4 39. Nxe5 dxe5 40. Bxe5 Bg6 41.
Qb2 Qf7 42. Qd4 Nd3 43. Bf6 Nc5 44. Re2 Nd7 45. Bxg7+ Qxg7 46. Qxg7+ Kxg7 47.
Re7+ Kf6 48. Rxd7 Ke5 49. Rxc7 h5 50. Rc6 Bf7 51. Rh6 Kf5 52. d6 1-0

[Event "POLFINALY MISTRZOSTW POLSKI JUNIOROW 2021 C-17"]
[Site "Jatrzebia Gora"]
[Date "1899-12-30"]
[Round "8.11"]
[White "Sawicki, Wojciech"]
[Black "Piechota, Kamil"]
[Result "1/2-1/2"]
[WhiteTitle "II"]
[BlackTitle "I"]
[WhiteElo "1505"]
[BlackElo "1752"]

1. e4 e5 2. Nc3 Nf6 3. g3 Bc5 4. Bg2 Nc6 5. Nge2 d6 6. h3 a6 7. O-O Be6 8. d3 Qd7
9. Kh2 h5 10. f4 Qe7 11. f5 Bd7 12. Nd5 Nxd5 13. exd5 Nd4 14. Nxd4 Bxd4 15. c3
Bb6 16. Qf3 f6 17. Be3 Bxe3 18. Qxe3 Qf7 19. Qe4 O-O-O 20. Qe3 Kb8 21. Be4 c6
22. Qb6 Rc8 23. c4 Qe7 24. b4 Qd8 25. Qe3 cxd5 26. Bxd5 Bc6 27. Be6 Bd7 28. Bxd7
Qxd7 29. a4 d5 30. c5 d4 31. Qf2 Qd5 32. Rfc1 Rhe8 33. Qg2 Qc6 34. Qxc6 bxc6 35.
Re1 Kc7 36. Rab1 Rb8 37. Kg2 Rb7 38. Re2 Kd7 39. Kf3 Ke7 40. Reb2 Reb8 41. Ke4
Kd7 42. Kf3 g6 43. g4 gxf5 44. gxf5 Rg8 45. Rg2 Rxg2 46. Kxg2 Rb8 47. Rb2 Rg8+
48. Kh2 Rg5 49. Rf2 h4 50. Rg2 Rxf5 51. Rg7+ Ke6 52. Rc7 Rf2+ 53. Kg1 Rb2 54.
Rxc6+ Ke7 55. Rb6 f5 56. b5 axb5 57. axb5 e4 58. Kf1 e3 59. Rd6 Rb4 60. Ke2 f4
61. Kf3 Rb2 62. Rxd4 Rf2+ 63. Kg4 e2 64. Re4+ Kd7 65. d4 f3 66. d5 Rf1 67. b6
e1=Q 68. c6+ Kd6 69. Rxe1 Rxe1 70. Kxf3 Re5 71. b7 Kc7 72. d6+ Kb8 73. d7 Rf5+
74. Ke4 Rf8 75. Kd5 1/2-1/2

[Event "POLFINALY MISTRZOSTW POLSKI JUNIOROW 2021 C-17"]
[Site "Jatrzebia Gora"]
[Date "1899-12-30"]
[Round "8.12"]
[White "Wysocki, Mateusz"]
[Black "Falc, Pawel"]
[Result "1/2-1/2"]
[WhiteTitle "I+"]
[BlackTitle "II+"]
[WhiteElo "1955"]
[BlackElo "1493"]

1. e4 e6 2. Qe2 Ne7 3. Nf3 d5 4. d3 dxe4 5. dxe4 b6 6. g3 Bb7 7. Bg2 Nd7 8. O-O
Ng6 9. b3 Be7 10. e5 O-O 11. Bb2 c5 12. Nbd2 Qc7 13. Rfe1 a6 14. h4 Rfd8 15. Bh3
b5 16. c4 Nb6 17. Rac1 Rd7 18. h5 Nf8 19. Ne4 Rad8 20. Nf6+ gxf6 21. exf6 Bd6
22. Ne5 Bxe5 23. Qg4+ Ng6 24. hxg6 hxg6 25. Bxe5 Qc6 26. Kh2 Rd2 27. Rf1 Rxa2
28. Qf4 Rdd2 29. g4 Qf3 30. Qxf3 Bxf3 31. cxb5 axb5 32. Rxc5 Rd5 33. Rfc1 Rxf2+
34. Kg3 Rfd2 35. Bf1 Rxc5 36. Rxc5 Be2 37. Bxe2 Rxe2 38. Rxb5 Nd5 39. Bd4 Re4
40. Bb2 Re2 41. Bd4 Re4 42. Bb2 1/2-1/2

[Event "POLFINALY MISTRZOSTW POLSKI JUNIOROW 2021 C-17"]
[Site "Jatrzebia Gora"]
[Date "1899-12-30"]
[Round "8.13"]
[White "Celebias, Filip"]
[Black "Pieczulis, Blazej"]
[Result "0-1"]
[WhiteTitle "II+"]
[BlackTitle "I"]
[WhiteElo "1534"]
[BlackElo "1726"]

1. e4 e5 2. Nf3 Nc6 3. Bb5 f5 4. d4 fxe4 5. Nxe5 Nxe5 6. dxe5 c6 7. Bc4 Qa5+ 8.
Nc3 Qxe5 9. O-O d5 10. Re1 Nf6 11. Bb3 Bc5 12. h3 O-O 13. Be3 Bd6 14. g3 Qf5 15.
Qe2 Qxh3 16. Qf1 Qh5 17. Qg2 Kh8 18. Ne2 Bg4 19. Nf4 Bxf4 20. Bxf4 Bf3 21. Qh2
Qxh2+ 22. Kxh2 Ng4+ 23. Kg1 Rf5 0-1

[Event "POLFINALY MISTRZOSTW POLSKI JUNIOROW 2021 C-17"]
[Site "Jatrzebia Gora"]
[Date "1899-12-30"]
[Round "8.14"]
[White "Galeziewski, Olaf"]
[Black "Jedrzejczak, Michal"]
[Result "0-1"]
[WhiteTitle "II"]
[BlackTitle "II"]
[WhiteElo "1607"]
[BlackElo "1448"]

1. d4 Nf6 2. c4 g6 3. Nc3 Bg7 4. e4 d6 5. Nf3 O-O 6. Be2 e5 7. O-O Nc6 8. d5 Ne7
9. Ne1 Nd7 10. Be3 f5 11. f3 f4 12. Bf2 g5 13. Rc1 Ng6 14. c5 Nf6 15. cxd6 cxd6
16. Nb5 Rf7 17. Nxa7 Bd7 18. Nb5 Qf8 19. Nc7 Rc8 20. Ne6 Rxc1 21. Qxc1 Bxe6 22.
dxe6 Re7 23. Bc4 Qc8 24. Nd3 Rc7 25. b3 b5 26. Bxb5 Rxc1 27. Rxc1 Qb7 28. a4 Ne7
29. b4 g4 30. Bc4 gxf3 31. gxf3 d5 32. exd5 Nfxd5 33. b5 Ne3 34. Bxe3 fxe3 35.
a5 Qxf3 36. a6 e2 37. b6 Bh6 0-1

[Event "POLFINALY MISTRZOSTW POLSKI JUNIOROW 2021 C-17"]
[Site "Jatrzebia Gora"]
[Date "1899-12-30"]
[Round "8.15"]
[White "Zielinski, Sebastian"]
[Black "Wolny, Dawid"]
[Result "1-0"]
[WhiteTitle "II+"]
[BlackTitle "II"]
[WhiteElo "1579"]
[BlackElo "1433"]

1. e4 c5 2. Nf3 e6 3. c3 d5 4. e5 Nc6 5. d4 Qb6 6. a3 Nh6 7. b4 cxd4 8. cxd4 Nf5
9. Bb2 Bd7 10. Be2 Be7 11. g4 Nh6 12. Nc3 Qd8 13. Bc1 Rc8 14. Qd3 Nxg4 15. Rg1
Nh6 16. Bxh6 gxh6 17. Kd2 Bf8 18. Nb5 a6 19. Nd6+ Bxd6 20. exd6 Qf6 21. Qe3 Rd8
22. Ne5 Bc8 23. Bh5 Rf8 24. Rg3 Qh4 25. Ng4 Rxd6 26. Qxh6 Nxd4 27. Bxf7+ Rxf7
28. Qxh4 Nf5 29. Nf6+ Ke7 30. Ng8+ Ke8 31. Qh3 Nxg3 32. Qxg3 Rdd7 33. Rc1 Kd8
34. Qg5+ 1-0

[Event "POLFINALY MISTRZOSTW POLSKI JUNIOROW 2021 C-17"]
[Site "Jatrzebia Gora"]
[Date "1899-12-30"]
[Round "8.16"]
[White "Mocko, Maciej"]
[Black "Nowak, Maciej"]
[Result "1-0"]
[WhiteTitle "II"]
[BlackTitle "II"]
[WhiteElo "1527"]
[BlackElo "1537"]

1. e4 e6 2. d4 d5 3. Nc3 Bb4 4. Bd3 dxe4 5. Bxe4 Nf6 6. Bf3 c5 7. Be3 O-O 8. Nge2
Qe7 9. Qd3 Rd8 10. Qc4 cxd4 11. Bxd4 e5 12. Bxe5 Qxe5 13. Qxb4 Na6 14. Qh4 g5
15. Qg3 Qxg3 16. Nxg3 g4 17. Rd1 Re8+ 18. Be2 Nb4 19. Rd2 h5 20. a3 Nc6 21. Nf1
Bf5 22. Ne3 Be4 23. O-O Ne5 24. Rfd1 Bc6 25. Bb5 Bxb5 26. Nxb5 Re7 27. Rd6 Ned7
28. Kf1 a6 29. Nc7 Rc8 30. Ncd5 Re6 31. Rxe6 fxe6 32. Ne7+ 1-0

[Event "POLFINALY MISTRZOSTW POLSKI JUNIOROW 2021 C-17"]
[Site "Jatrzebia Gora"]
[Date "1899-12-30"]
[Round "8.18"]
[White "Dahche, Abdel-azziz"]
[Black "Wolcyrz, Jakub"]
[Result "1/2-1/2"]
[WhiteTitle "I"]
[BlackTitle "II"]
[WhiteElo "1656"]
[BlackElo "1350"]

1. e4 c6 2. d4 d5 3. Nc3 dxe4 4. Nxe4 Nf6 5. Ng5 Bf5 6. N1f3 Nbd7 7. Bd3 Bxd3 8.
Qxd3 e6 9. Bf4 Be7 10. O-O-O Nd5 11. Bd2 h6 12. Ne4 Qc7 13. Kb1 a6 14. Rhe1 O-O
15. h4 c5 16. dxc5 Nxc5 17. Nxc5 Qxc5 18. Re4 Rfd8 19. Rde1 Rac8 20. Rd4 Bf6 21.
Ne5 Nf4 22. Rxd8+ Rxd8 23. Bxf4 Rxd3 24. Nxd3 Qb5 25. g3 a5 26. Be5 Bxe5 27. Rxe5
Qc6 28. a3 b6 29. Re3 f6 30. b3 e5 31. a4 e4 32. Nb2 g5 33. hxg5 hxg5 34. Re2
f5 35. Nc4 Qc5 36. Rd2 b5 37. axb5 Qxb5 38. g4 f4 39. Rd8+ Kg7 40. Ra8 Qd7 41.
Rxa5 Qxg4 42. Kb2 e3 43. fxe3 fxe3 44. Re5 e2 45. Kc3 Qg2 46. Kd2 e1=Q+ 47. Kxe1
Qxc2 48. Rxg5+ Kf6 49. Rg3 Qc1+ 50. Ke2 Qc2+ 51. Nd2 Qb2 52. Re3 Kf7 53. Re4 Kf6
54. b4 Kf5 55. Rc4 Ke6 56. Kd3 Qa3+ 57. Kc2 Qa2+ 58. Kc3 Qa1+ 59. Kb3 Qd1+ 60.
Rc2 Kd5 61. Kb2 Qg4 62. Rc5+ Ke6 63. Ka3 Qd1 64. Nb3 Kd6 65. Rc8 Kd7 66. Rc4 Qb1
67. b5 Qf1 68. Rb4 Kc8 69. Ka4 Qe2 70. b6 Kb7 71. Rb5 Qc4+ 72. Ka5 Qc3+ 73. Rb4
Qxb4+ 74. Kxb4 Kxb6 1/2-1/2

[Event "POLFINALY MISTRZOSTW POLSKI JUNIOROW 2021 C-17"]
[Site "Jatrzebia Gora"]
[Date "1899-12-30"]
[Round "8.19"]
[White "Chybalski, Piotr"]
[Black "Wojciechowski, Franciszek"]
[Result "1-0"]
[WhiteTitle "II"]
[BlackTitle "I"]
[WhiteElo "1377"]
[BlackElo "1716"]

1. d4 d5 2. c4 c6 3. Nf3 Nf6 4. Nc3 dxc4 5. a4 Bf5 6. Ne5 Nbd7 7. Nxc4 Nb6 8. e3
e6 9. Qb3 Nxc4 10. Bxc4 Qb6 11. O-O Qxb3 12. Bxb3 Be7 13. f3 O-O 14. Rd1 Rfd8
15. e4 Bg6 16. Bg5 h6 17. Bh4 Kf8 18. Rd2 Ke8 19. Bxf6 Bxf6 20. Rad1 Bg5 21. Rd3
Rd7 22. Kf2 Rad8 23. Ke2 Ke7 24. g3 Bh5 25. h4 Bf6 26. e5 Bxe5 27. dxe5 Rxd3 28.
Rxd3 Rxd3 29. Kxd3 Bxf3 30. Bd1 Bxd1 31. Nxd1 f6 32. Ke4 h5 33. Ne3 g5 34. exf6+
Kxf6 35. hxg5+ Kxg5 36. Ke5 b5 37. a5 c5 38. Kxe6 c4 39. Kd5 a6 40. Ke4 b4 41.
Kd4 c3 42. bxc3 b3 43. Kd3 h4 44. gxh4+ Kxh4 45. c4 Kg5 46. Kc3 Kf6 47. Kxb3 Ke5
48. Kb4 Kd6 49. c5+ Kc7 50. Kc4 Kc6 51. Nf1 Kc7 52. Kd5 Kd7 53. c6+ 1-0

[Event "POLFINALY MISTRZOSTW POLSKI JUNIOROW 2021 C-17"]
[Site "Jatrzebia Gora"]
[Date "1899-12-30"]
[Round "8.20"]
[White "Kopestynski, Michal"]
[Black "Trela, Konrad"]
[Result "0-1"]
[WhiteTitle "I"]
[BlackTitle "II"]
[WhiteElo "1604"]
[BlackElo "1453"]

1. e4 c5 2. Nf3 g6 3. d4 cxd4 4. Nxd4 Nc6 5. c4 Nf6 6. Nc3 Nxd4 7. Qxd4 d6 8. Be3
Bg7 9. Be2 O-O 10. Qd2 a5 11. O-O a4 12. f3 Be6 13. Rac1 Nd7 14. Nd5 Bxd5 15.
cxd5 Nc5 16. Rfd1 Qa5 17. Bd4 Qxd2 18. Rxd2 Bh6 19. Bxc5 Bxd2 20. Rc2 Rfc8 21.
Rxd2 Rxc5 0-1

[Event "POLFINALY MISTRZOSTW POLSKI JUNIOROW 2021 C-17"]
[Site "Jatrzebia Gora"]
[Date "1899-12-30"]
[Round "8.21"]
[White "Bednarczyk, Mateusz"]
[Black "Szafranski, Maciej"]
[Result "1-0"]
[WhiteTitle "I"]
[BlackTitle "II+"]
[WhiteElo "1525"]
[BlackElo "1596"]

1. e4 c5 2. Nf3 d6 3. d4 cxd4 4. Nxd4 Nf6 5. Nc3 a6 6. Bg5 e6 7. f4 Be7 8. Qf3
Nbd7 9. O-O-O Qc7 10. f5 Ne5 11. Qh3 Nc6 12. Nxc6 Qxc6 13. Bd3 Bd7 14. e5 dxe5
15. Bxf6 Bxf6 16. Be4 Qc7 17. Rxd7 Qxd7 18. Rd1 Qe7 19. fxe6 fxe6 20. Bxh7 Kf8
21. Rf1 Qf7 22. Kb1 Rd8 23. Ne4 Qd7 24. a4 Ke7 25. Qa3+ 1-0

[Event "POLFINALY MISTRZOSTW POLSKI JUNIOROW 2021 C-17"]
[Site "Jatrzebia Gora"]
[Date "1899-12-30"]
[Round "8.22"]
[White "Komisarski, Jerzy"]
[Black "Werner, Kacper"]
[Result "0-1"]
[WhiteTitle "II"]
[BlackTitle "II+"]
[WhiteElo "1258"]
[BlackElo "1589"]

1. e4 c5 2. Nf3 d6 3. d4 cxd4 4. Nxd4 Nf6 5. Nc3 a6 6. Bc4 e6 7. Bb3 Be7 8. f4
Nc6 9. f5 Nxd4 10. Qxd4 exf5 11. exf5 Bxf5 12. O-O Be6 13. Nd5 Bxd5 14. Bxd5 Nxd5
15. Qxd5 Qb6+ 16. Kh1 O-O 17. Rf3 Qc6 18. Qb3 Bf6 19. Rxf6 gxf6 20. Qg3+ Kh8 21.
Qf2 d5 22. Be3 Rg8 23. Rf1 Rg6 24. h4 h5 25. Qe2 Kg7 26. Rf5 Rh8 27. Bd4 Qe6 28.
Qf3 Qe1+ 29. Kh2 Qxh4+ 30. Kg1 Qxd4+ 31. Kh2 Qe4 32. Qf2 d4 33. Rf4 Qe3 34. Qf1
h4 35. Rf3 Qe5+ 0-1

[Event "POLFINALY MISTRZOSTW POLSKI JUNIOROW 2021 C-17"]
[Site "Jatrzebia Gora"]
[Date "1899-12-30"]
[Round "8.23"]
[White "Labedz, Dawid"]
[Black "Wleklik, Mateusz"]
[Result "1-0"]
[WhiteTitle "II+"]
[BlackTitle "II"]
[WhiteElo "1542"]
[BlackElo "1341"]

1. e4 c5 2. Nf3 d6 3. d4 cxd4 4. Nxd4 Nf6 5. Nc3 a6 6. Qf3 e6 7. g4 Be7 8. g5 Nfd7
9. h4 Nc6 10. Nxc6 bxc6 11. Bf4 Qa5 12. O-O-O Ne5 13. Qg3 Rb8 14. Bd2 Qb4 15.
b3 Qa3+ 16. Kb1 Nd7 17. Bf4 e5 18. Bc1 Qb4 19. Bb2 Nc5 20. Be2 Bd7 21. Qe3 a5
22. a4 Be6 23. Rd2 O-O 24. Bd1 Rfd8 25. Kc1 Qb7 26. Rh2 Na6 27. h5 c5 28. Nd5
Bxd5 29. exd5 c4 30. f4 cxb3 31. cxb3 Rdc8+ 32. Kb1 Nc5 33. Ka2 Qb4 34. fxe5 Re8
35. Ba3 Qb6 36. Bxc5 dxc5 37. g6 fxg6 38. hxg6 Bd6 39. gxh7+ Kh8 40. Rh5 c4 41.
Qxb6 Rxb6 42. exd6 cxb3+ 43. Bxb3 Rxd6 44. Rh3 Re1 45. Rf2 1-0

[Event "POLFINALY MISTRZOSTW POLSKI JUNIOROW 2021 C-17"]
[Site "Jatrzebia Gora"]
[Date "1899-12-30"]
[Round "8.24"]
[White "Majdanski, Maksymilian"]
[Black "Sliwa, Krzysztof"]
[Result "1-0"]
[WhiteTitle "I++"]
[BlackTitle "II"]
[WhiteElo "1914"]
[BlackElo "1212"]

1. d4 Nf6 2. Nf3 g6 3. g3 Bg7 4. Bg2 O-O 5. c4 d6 6. O-O c5 7. Nc3 Nbd7 8. e4 a6
9. Re1 Qc7 10. e5 dxe5 11. dxe5 Ng4 12. Nd5 Qd8 13. Bf4 e6 14. Nc3 Qc7 15. Qe2
Rb8 16. h3 Nh6 17. Ne4 Kh8 18. Rad1 b5 19. Nd6 b4 20. Qd2 Nf5 21. Nxc8 Rbxc8 22.
Qxd7 Qa5 23. Qd2 Qxa2 24. Qc2 Qa5 25. Ra1 Qb6 26. g4 Ne7 27. Red1 Rfd8 28. Rxd8+
Rxd8 29. Rd1 Ra8 30. Ng5 Rf8 31. Qd2 h6 32. Nf3 g5 33. Bg3 Ng6 34. h4 gxh4 35.
Nxh4 Kh7 36. Nxg6 fxg6 37. Be4 Kg8 38. Qd6 Qxd6 39. Rxd6 1-0

[Event "POLFINALY MISTRZOSTW POLSKI JUNIOROW 2021 C-17"]
[Site "Jatrzebia Gora"]
[Date "1899-12-30"]
[Round "8.25"]
[White "Bujnowski, Adam"]
[Black "Przybysz, Krzysztof"]
[Result "0-1"]
[WhiteTitle "III"]
[BlackTitle "II"]
[WhiteElo "1176"]
[BlackElo "1133"]

1. Nf3 Nf6 2. e3 g6 3. b3 Bg7 4. Bb2 O-O 5. c4 c5 6. Nc3 Nc6 7. Be2 d5 8. Nxd5
Nxd5 9. Bxg7 Nxe3 10. dxe3 Kxg7 11. a3 Qc7 12. Qc2 e5 13. h4 Qe7 14. h5 Bf5 15.
e4 Bg4 16. hxg6 hxg6 17. Qc3 Bxf3 18. Qxf3 Nd4 19. Qc3 Rh8 20. O-O-O Nxe2+ 0-1

[Event "POLFINALY MISTRZOSTW POLSKI JUNIOROW 2021 C-17"]
[Site "Jatrzebia Gora"]
[Date "1899-12-30"]
[Round "9.1"]
[White "Ciborowski, Konrad Jr"]
[Black "Kaliszuk, Kamil"]
[Result "1-0"]
[WhiteTitle "I++"]
[BlackTitle "I+"]
[WhiteElo "1871"]
[BlackElo "1830"]

1. e4 c5 2. Nf3 e6 3. d4 cxd4 4. Nxd4 Nf6 5. Bd3 Nc6 6. Nxc6 bxc6 7. O-O d5 8.
Nc3 Be7 9. b3 O-O 10. Bb2 e5 11. Qe2 Re8 12. Rae1 Bb4 13. a3 Bf8 14. Kh1 Bg4 15.
f3 Bd7 16. Rd1 d4 17. Nb1 Qc7 18. Nd2 Be6 19. Nc4 Nd7 20. f4 exf4 21. Bxd4 Bxc4
22. Bxc4 Ne5 23. Bxe5 Qxe5 24. Qg4 Rad8 25. Rde1 Bxa3 26. Rxf4 Re7 27. Ref1 Rf8
28. Rf5 Qc7 29. e5 Bb2 30. e6 f6 31. Qe4 Be5 32. Rh5 g6 33. Rh6 f5 34. Qh4 Bf6
35. Qh3 Rd8 36. Qf3 Rd4 37. c3 Rd2 38. Rh3 Qd6 39. g4 Be5 40. gxf5 gxf5 41. Qxf5
1-0

[Event "POLFINALY MISTRZOSTW POLSKI JUNIOROW 2021 C-17"]
[Site "Jatrzebia Gora"]
[Date "1899-12-30"]
[Round "9.2"]
[White "Kietrys, Maciej"]
[Black "Haliniak, Wojciech"]
[Result "1/2-1/2"]
[WhiteTitle "I"]
[BlackTitle "I"]
[WhiteElo "1860"]
[BlackElo "1827"]

1. e4 c5 2. Nc3 Nc6 3. g3 g6 4. Bg2 Bg7 5. d3 d6 6. Be3 e5 7. Qd2 Be6 8. Nf3 h6
9. Ne2 Qd7 10. c3 Bh3 11. O-O Nf6 12. Rad1 Bxg2 13. Kxg2 Ng4 14. d4 Nxe3+ 15.
Qxe3 Qe7 16. dxc5 dxc5 17. Rd5 b6 18. Rfd1 Rd8 19. Rxd8+ Nxd8 20. Qd3 Nc6 21.
Qd6 Qxd6 22. Rxd6 Nb8 23. Nc1 Ke7 24. Rd5 Nc6 25. Nb3 Ke6 26. Nbd2 f5 27. Rd3
Rd8 28. Rxd8 Nxd8 29. Kf1 Nf7 30. Nh4 Kf6 31. f3 Nd6 32. Ke2 1/2-1/2

[Event "POLFINALY MISTRZOSTW POLSKI JUNIOROW 2021 C-17"]
[Site "Jatrzebia Gora"]
[Date "1899-12-30"]
[Round "9.3"]
[White "Ullrich, Karol"]
[Black "Zabron, Maksym"]
[Result "1/2-1/2"]
[WhiteTitle "II+"]
[BlackTitle "I++"]
[WhiteElo "1605"]
[BlackElo "1896"]

1. e4 e5 2. Nf3 Nc6 3. Bb5 a6 4. Ba4 Nge7 5. O-O g6 6. c3 Bg7 7. d4 exd4 8. cxd4
b5 9. Bc2 d5 10. h3 O-O 11. Bf4 Nb4 12. Nc3 Nxc2 13. Qxc2 dxe4 14. Qxe4 Bf5 15.
Qb7 c6 16. Rad1 Nd5 17. Nxd5 cxd5 18. Rc1 Be4 19. Ne5 Qb8 20. Qxb8 Rfxb8 21. Rc7
Bxe5 22. Bxe5 Rc8 23. Rfc1 Bf5 24. R1c5 Be6 25. b4 Kf8 26. Kh2 Rxc7 27. Rxc7 Rc8
28. Kg3 Rxc7 29. Bxc7 Ke7 30. Kf4 f6 1/2-1/2

[Event "POLFINALY MISTRZOSTW POLSKI JUNIOROW 2021 C-17"]
[Site "Jatrzebia Gora"]
[Date "1899-12-30"]
[Round "9.4"]
[White "Kasprzak, Lukasz"]
[Black "Strepikowski, Pawel"]
[Result "1/2-1/2"]
[WhiteTitle "II+"]
[BlackTitle "I"]
[WhiteElo "1758"]
[BlackElo "1841"]

1. d4 Nf6 2. c4 e6 3. Nc3 Bb4 4. Qc2 O-O 5. a3 Bxc3+ 6. Qxc3 b6 7. Bg5 Bb7 8. f3
h6 9. Bh4 d5 10. e3 Nbd7 11. cxd5 exd5 12. Bd3 Rc8 13. Ne2 Qe7 14. Bf2 c5 15.
Qd2 Rfe8 16. O-O Nf8 17. dxc5 bxc5 18. Rac1 Ne6 19. Qa5 Qc7 20. Qxc7 Rxc7 21.
Bg3 Rcc8 22. Rfd1 g6 23. Bb5 Red8 24. b4 c4 25. Be5 Ne8 26. e4 dxe4 27. Rxd8 Rxd8
28. fxe4 Bxe4 29. Bxc4 N8g7 30. Nc3 Bb7 1/2-1/2

[Event "POLFINALY MISTRZOSTW POLSKI JUNIOROW 2021 C-17"]
[Site "Jatrzebia Gora"]
[Date "1899-12-30"]
[Round "9.6"]
[White "Kalkowski, Igor"]
[Black "Kitewski, Bartosz"]
[Result "1/2-1/2"]
[WhiteTitle "I+"]
[BlackTitle "I+"]
[WhiteElo "1839"]
[BlackElo "1946"]

1. e4 e6 2. d4 d5 3. Nc3 Nf6 4. e5 Nfd7 5. f4 c5 6. Nf3 Nc6 7. Be3 a6 8. Qd2 b5
9. Nd1 Qb6 10. c3 Rb8 11. Bd3 b4 12. O-O Qa5 13. Qf2 bxc3 14. bxc3 cxd4 15. cxd4
Qa3 16. Bc2 Nb4 17. Bb3 Be7 18. f5 exf5 19. Nc3 O-O 20. Qg3 g6 21. Bh6 Re8 22.
Nxd5 Nxd5 23. Bxd5 Nb6 24. e6 Bxe6 25. Bxe6 fxe6 26. Qe5 Bf8 27. Bxf8 Qxf8 28.
Qa5 Nd5 29. Qxa6 Ne3 30. Rf2 Qb4 31. Qd3 Nd5 32. Rc2 Qd6 33. Qd2 Rb6 34. Rac1
Kg7 35. Ne5 Qb4 36. Qxb4 Rxb4 37. Nc6 Ra4 38. Rb1 g5 39. Rb7+ Kh6 40. Ra7 Rxa7
41. Nxa7 g4 42. g3 Kg5 43. Nc6 Ra8 44. Kf2 Ra3 45. Nd8 Kf6 46. Re2 Ra6 47. Nb7
Nc3 48. Nc5 Rxa2 49. Rxa2 Nxa2 50. Ke3 Nb4 51. Nd7+ Ke7 52. Ne5 Nd5+ 53. Kd3 h6
54. Nc6+ Kf6 55. Ne5 Nb6 56. Ke3 h5 57. Nd3 Nc4+ 58. Kf2 e5 59. dxe5+ Nxe5 60.
Nf4 Nf3 61. h4 Ke5 1/2-1/2

[Event "POLFINALY MISTRZOSTW POLSKI JUNIOROW 2021 C-17"]
[Site "Jatrzebia Gora"]
[Date "1899-12-30"]
[Round "9.7"]
[White "Borkowski, Szymon"]
[Black "Lenart, Jakub"]
[Result "0-1"]
[WhiteTitle "I"]
[BlackTitle "I"]
[WhiteElo "1696"]
[BlackElo "1660"]

1. d4 d5 2. c4 e6 3. Nc3 Nf6 4. cxd5 exd5 5. Bg5 Nbd7 6. e3 c6 7. Bd3 Bd6 8. Nge2
O-O 9. Qc2 h6 10. Bh4 Qa5 11. O-O Re8 12. a3 Qc7 13. Bg3 Bxg3 14. Nxg3 Nf8 15.
b4 a6 16. a4 Qd6 17. Rab1 h5 18. h3 g6 19. a5 N8h7 20. Nge2 Kg7 21. Nf4 Nf8 22.
Na4 g5 23. Ne2 Ng6 24. Qc5 Qc7 25. Nb6 Rb8 26. Ng3 Nh4 27. e4 Kh8 28. e5 Nd7 29.
Nxd7 Qxd7 30. Qd6 Qxd6 31. exd6 g4 32. Rfe1 Bd7 33. Nxh5 gxh3 34. Rxe8+ Rxe8 35.
Nf6 Rd8 36. Re1 Be6 37. Re5 hxg2 38. Rh5+ Kg7 39. Rxh4 Kxf6 40. Rh6+ Kg5 41. Rh7
Rxd6 42. Kxg2 Rd7 43. Kg3 Rd8 44. f4+ Kf6 45. Rh6+ Ke7 46. f5 Rg8+ 47. Kf4 Bd7
48. Ke5 Rg5 49. Rh7 Be8 50. Bc2 Rg2 51. f6+ Kd8 52. Bf5 Kc7 53. Rh8 Re2+ 54. Kf4
Kd6 55. Rf8 Re1 56. Rh8 Kc7 57. Rh7 Kd8 58. Rh8 Rd1 59. Ke3 Rf1 60. Rh5 Bd7 61.
Rh8+ Kc7 62. Bxd7 Kxd7 63. Rh6 Ke6 64. Rh8 Rb1 0-1

[Event "POLFINALY MISTRZOSTW POLSKI JUNIOROW 2021 C-17"]
[Site "Jatrzebia Gora"]
[Date "1899-12-30"]
[Round "9.8"]
[White "Stachecki, Mikolaj"]
[Black "Zielinski, Sebastian"]
[Result "1-0"]
[WhiteTitle "I+"]
[BlackTitle "II+"]
[WhiteElo "1899"]
[BlackElo "1579"]

1. e4 e5 2. Nf3 Nc6 3. Bc4 Bc5 4. O-O Nf6 5. d3 O-O 6. a4 h6 7. c3 d5 8. exd5 Nxd5
9. b4 Be7 10. b5 Na5 11. Nxe5 Bf6 12. Ng4 Bxg4 13. Qxg4 Nxc3 14. Nxc3 Bxc3 15.
Ra3 Be5 16. Ra2 Qd6 17. Ba3 c5 18. bxc6 Qxc6 19. Bxf8 Rxf8 20. Re2 Qc7 21. h3
Nc6 22. Rfe1 Bf6 23. Re8 Ne5 24. Rxf8+ Kxf8 25. Qe4 g6 26. Bb5 a6 27. d4 Nc6 28.
Bxc6 bxc6 29. Rc1 Qa7 30. Rxc6 Bxd4 31. Rc8+ Kg7 32. Qe8 Bxf2+ 33. Kh1 Kf6 34.
Rc6+ Kg5 35. Qe5+ f5 36. Qf6+ Kf4 37. Rc4+ Ke3 38. Qc3+ Ke2 39. Qc2+ Ke1 40. Qc1+
Ke2 41. Rc2+ Kd3 42. Qd2+ 1-0